New England Quiz - Statistics

General Stats
  • This quiz has been taken 35 times
    8 since last reset
  • The average score is 11 of 19
Answer Stats
Hint Answer % Correct
How many states are in New England? 6
100%
Biggest city in New England? Boston
100%
Capital of Maine? Augusta
86%
Northernmost State? Maine
86%
Smallest State? Rhode Island
86%
Ice Cream company based in Vermont? Ben and Jerry's
71%
Event that took place on December 16, 1773? Boston Tea Party
71%
Season that New England is known for? Fall
71%
What city were chicken tenders created in? Manchester
71%
How many ivy league schools are in New England? 4
57%
Most recent sports team to win a championship? Celtics
57%
Quarterback that led the Patriots to 6 rings? Tom Brady
57%
What is the New England soccer team? Revolution
43%
Athlete who has a statue outside of TD Garden? Bobby Orr
29%
Where was Franklin Pierce Born? Derry
29%
Celebrity from West Newbury Massachusetts? John Cena
29%
Celtics legend with 11 rings? Bill Russell
14%
Iconic landmark built in 1912 Fenway Park
14%
Biggest City/Town in New Hampshire by Land Area? Pittsburgh
14%
No matching quizzes found
Score Distribution
Percent of People with Each Score
Percentile by Number Answered
Your Score History
You have not taken this quiz since the last reset